| 000 | 00593nam a2200205 a 4500 | ||
|---|---|---|---|
| 001 | 0264 | ||
| 005 | 20140414131905.0 | ||
| 008 | 040902s19uu xx 00 eng d | ||
| 020 | _a0-439-25187-7 | ||
| 050 |
_aFIC _bW37 2000 |
||
| 100 | _aWeinberger, Kimberly | ||
| 245 |
_aSakura's never ending day : _btime to get enough! / _cadapted by Kimberly Weinberger. |
||
| 260 |
_aNew York : _bScholastic, _c2000. |
||
| 300 | _a46 p. : ill. ; cm. | ||
| 440 | _aCardcaptor's, #2 | ||
| 650 |
_aAdventures _xFiction. |
||
| 650 |
_aMagic _xFiction. |
||
| 650 | _aChildren stories. | ||
| 999 |
_c110919 _d110919 |
||